All players in the first division 1974-75 - Statistics

General Stats
  • This quiz has been taken 4 times
  • The average score is 198 of 485
Answer Stats
Answer % Correct
ENG, West Ham, 31/7 Billy Bonds
100%
ENG, Manchester City, 42/15 Colin Bell
100%
ENG, Stoke, 30(5)/8 Geoff Hurst
100%
ENG, Everton, 29(2)/1 John Hurst
100%
NIR, Arsenal, 32 Pat Rice
100%
ENG, Newcastle, 1 Tony Bell
100%
ENG, West Ham, 36/3 Trevor Brooking
100%
ENG, Arsenal, 30/9 Alan Ball
67%
ENG, Coventry, 20(2)/7 Alan Green
67%
ENG, Derby, 8(5)/2 Alan Hinton
67%
ENG, Stoke, 42/4 Alan Hudson
67%
ENG, Newcastle, 28/3 Alan Kennedy
67%
ENG, West Ham, 11(3)/2 Alan Taylor
67%
ENG, Sheffield United, 42/12 Alan Woodward
67%
ENG, Liverpool, 25/3 Alec Lindsay
67%
ENG, Leeds, 33(1)/14 Allan Clarke
67%
NIR, Ipswich, 36/3 Allan Hunter
67%
SCO, Carlisle, 33 Allan Ross
67%
ENG, Luton, 0(1) Andy King
67%
SCO, Manchester City, 29(1)/2 Asa Hartford
67%
ENG, Wolverhampton, 23(3)/2 Barry Powell
67%
ENG, Carlisle, 42/1 Bill Green
67%
SCO, Leeds, 27/1 Billy Bremner
67%
ENG, West Ham, 32/13 Billy Jennings
67%
ENG, Carlisle, 42/1 Bobby Parker
67%
ENG, Birmingham, 41/14 Bob Hatton
67%
ENG, Leicester, 16(1)/6 Bob Lee
67%
WAL, Burnley, 23(3) Brian Flynn
67%
SCO, Liverpool, 35/5 Brian Hall
67%
ENG, Arsenal, 40/19 Brian Kidd
67%
ENG, Middlesbrough, 3(4) Brian Taylor
67%
NIR, Ipswich, 33(2)/10 Bryan Hamilton
67%
WAL, Leeds, 1(2)/1 Carl Harris
67%
ENG, Arsenal, 9(1)/2 Charlie George
67%
ENG, Tottenham, 16(1) Chris Jones
67%
BER, West Ham, 12(3) Clyde Best
67%
ENG, Ipswich, 10 Colin Harper
67%
ENG, Everton, 4/1 Colin Harvey
67%
ENG, Derby, 39 Colin Todd
67%
ENG, Burnley, 39/1 Colin Waldron
67%
ENG, Tottenham, 31/5 Cyril Knowles
67%
WAL, Everton, 35 Dai Davies
67%
ENG, Ipswich, 1 Dale Roberts
67%
ENG, Queens Park Rangers, 31 Dave Clement
67%
NIR, Everton, 39(1)/1 Dave Clements
67%
ENG, Queens Park Rangers, 41/6 Dave Thomas
67%
ENG, Queens Park Rangers, 33 Dave Webb
67%
ENG, Middlesbrough, 42/5 David Armstrong
67%
NIR, Newcastle, 13(2) David Craig
67%
SCO, Leeds, 27 David Harvey
67%
ENG, Middlesbrough, 36/8 David Mills
67%
ENG, Derby, 38/2 David Nish
67%
ENG, Stoke, 30/2 Denis Smith
67%
ENG, Birmingham, 3 Dennis Clarke
67%
SCO, Carlisle, 37(1)/7 Dennis Martin
67%
NIR, Wolverhampton, 3(3)/1 Derek Dougan
67%
ENG, Wolverhampton, 41/2 Derek Parkin
67%
ENG, Burnley, 4(1)/1 Derrick Parker
67%
ENG, Queens Park Rangers, 13(5)/5 Don Rogers
67%
ENG, Leeds, 26(1)/11 Duncan McKenzie
67%
SCO, Leeds, 12/1 Eddie Gray
67%
SCO, Arsenal, 32/1 Eddie Kelly
67%
ENG, Liverpool, 42/1 Emlyn Hughes
67%
ENG, Derby, 34/12 Francis Lee
67%
ENG, Newcastle, 19 Frank Clark
67%
ENG, Carlisle, 30(2)/4 Frank Clarke
67%
SCO, Leeds, 18/2 Frank Gray
67%
ENG, West Ham, 40/4 Frank Lampard
67%
SCO, Queens Park Rangers, 30 Frank McLintock
67%
SCO, Wolverhampton, 35/3 Frank Munro
67%
IRL, Arsenal, 1 Frank Stapleton
67%
ENG, Leicester, 42/18 Frank Worthington
67%
ENG, Sheffield United, 3/1 Garry Jones
67%
ENG, Everton, 25(1)/6 Gary Jones
67%
ENG, Manchester City, 3(2) Ged Keegan
67%
ENG, Wolverhampton, 31/1 Geoff Palmer
67%
ENG, Arsenal, 21(3) George Armstrong
67%
SCO, Ipswich, 31 George Burley
67%
ENG, Queens Park Rangers, 35/7 Gerry Francis
67%
ENG, Wolverhampton, 3 Gerry Taylor
67%
SCO, Leeds, 33/2 Gordon McQueen
67%
ENG, Birmingham, 34(1)/3 Gordon Taylor
67%
ENG, Chelsea, 1 Graham Wilkins
67%
WAL, Leeds, 0(1) Gwyn Thomas
67%
ENG, Middlesbrough, 1 Harry Charlton
67%
ENG, Derby, 35(1)/3 Henry Newton
67%
ENG, Birmingham, 39/4 Howard Kendall
67%
ENG, Liverpool, 41/1 Ian Callaghan
67%
ENG, Sheffield United, 0(1) Ian MacKenzie
67%
SCO, Birmingham, 0(2) Ian Smith
67%
ENG, Stoke, 37(1)/1 Jackie Marsh
67%
ENG, Manchester City, 13 Jeff Clarke
67%
SCO, Sheffield United, 42 Jim Brown
67%
ENG, Liverpool, 1 Jimmy Case
67%
IRL, Coventry, 18(4)/5 Jimmy Holmes
67%
ENG, Arsenal, 40 Jimmy Rimmer
67%
SCO, Stoke, 9(5)/3 Jimmy Robertson
67%
NIR, Middlesbrough, 42 Jim Platt
67%
SCO, Newcastle, 19(2) Jim Smith
67%
ENG, Manchester City, 15 Joe Corrigan
67%
SCO, Leeds, 26(3)/4 Joe Jordan
67%
ENG, Everton, 8/3 & Manchester City, 16/1 Joe Royle
67%
ENG, Sheffield United, 18/1 John Flynn
67%
ENG, Chelsea, 34/5 John Hollins
67%
ENG, Arsenal, 20 John Matthews
67%
SCO, Leeds, 4 John McGovern
67%
IRL, Leeds, 26(3)/1 Johnny Giles
67%
ENG, Tottenham, 27(2)/1 John Pratt
67%
ENG, Arsenal, 29/7 John Radford
67%
ENG, Wolverhampton, 34/13 John Richards
67%
ENG, Stoke, 7/4 John Ritchie
67%
WAL, Birmingham, 7(1) John Roberts
67%
ENG, Newcastle, 31(1)/14 John Tudor
67%
ENG, Burnley, 39/1 Keith Newton
67%
ENG, Tottenham, 10 Keith Osgood
67%
ENG, West Ham, 25/10 Keith Robson
67%
ENG, Leicester, 40/3 Keith Weller
67%
ENG, Wolverhampton, 41/17 Ken Hibbitt
67%
SCO, Birmingham, 39/8 Kenny Burns
67%
ENG, Ipswich, 37/6 Kevin Beattie
67%
ENG, Liverpool, 33(10) Kevin Keegan
67%
ENG, Coventry, 34/5 Larry Lloyd
67%
WAL, Burnley, 42/16 Leighton James
67%
ENG, Sheffield United, 37/1 Len Badger
67%
IRL, Arsenal, 30(2)/3 Liam Brady
67%
ENG, Newcastle, 42/21 Malcolm Macdonald
67%
ENG, Leicester, 26 Malcolm Munro
67%
ENG, Middlesbrough, 4(6)/1 Malcolm Smith
67%
ENG, Tottenham, 27(1)/10 Martin Chivers
67%
ENG, Burnley, 3/1 & Everton, 30/5 Martin Dobson
67%
ENG, Tottenham, 29/4 Martin Peters
67%
ENG, Chelsea, 10 Marvin Hinton
67%
ENG, West Ham, 42 Mervyn Day
67%
ENG, Leeds, 2(1) Mick Bates
67%
ENG, Coventry, 2(4) Mick Coop
67%
ENG, Ipswich, 42/1 Mick Mills
67%
ENG, Newcastle, 21(1)/5 Micky Burns
67%
ENG, Chelsea, 26/2 Micky Droy
67%
ENG, Manchester City, 42/1 Mike Doyle
67%
ENG, Birmingham, 1 Mike Kelly
67%
ENG, Everton, 36(2)/8 Mike Lyons
67%
ENG, Stoke, 28 Mike Pejic
67%
ENG, Manchester City, 26(1)/2 Mike Summerbee
67%
ENG, Wolverhampton, 10 Nigel Williams
67%
ENG, Leeds, 25/1 Norman Hunter
67%
ENG, Newcastle, 36(1)/4 Pat Howard
67%
NIR, Tottenham, 41 Pat Jennings
67%
ENG, Ipswich, 2 Paul Cooper
67%
ENG, Leeds, 38/1 Paul Madeley
67%
ENG, Luton, 40/6 Peter Anderson
67%
ENG, Manchester City, 3/1 Peter Barnes
67%
ENG, Carlisle, 39/1 Peter Carr
67%
SCO, Newcastle, 1 Peter Kelly
67%
SCO, Leeds, 35(1)/9 Peter Lorimer
67%
ENG, Burnley, 42/12 Peter Noble
67%
ENG, Leicester, 5 & Stoke, 25 Peter Shilton
67%
ENG, Arsenal, 39(1) Peter Simpson
67%
ENG, Arsenal, 37 Peter Storey
67%
ENG, Liverpool, 23 Phil Neal
67%
ENG, Liverpool, 32 Phil Thompson
67%
ENG, Tottenham, 26(4)/1 Ralph Coates
67%
ENG, Liverpool, 42 Ray Clemence
67%
ENG, Newcastle, 1 Ray Hudson
67%
ENG, Liverpool, 23(2)/5 Ray Kennedy
67%
ENG, Birmingham, 21(1) Ray Martin
67%
ENG, Chelsea, 20(1)/2 Ray Wilkins
67%
ENG, Manchester City, 37/9 Rodney Marsh
67%
WAL, Derby, 22 Rod Thomas
67%
ENG, Derby, 39(1)/12 Roger Davies
67%
ENG, Chelsea, 42 Ron Harris
67%
ENG, Derby, 4 Roy McFarland
67%
ENG, Tottenham, 42/6 Steve Perryman
67%
ENG, Derby, 12(3)/2 Steve Powell
67%
ENG, Sheffield United, 32 Ted Hemsley
67%
ENG, Leeds, 11 & Middlesbrough, 9 Terry Cooper
67%
ENG, Newcastle, 25 Terry Hibbitt
67%
IRL, QPR, 7 & Arsenal, 26 | IRL, Queens Park Rangers, 7 & Arsenal, 26 Terry Mancini
67%
ENG, Queens Park Rangers, 5 Terry Venables
67%
SCO, Carlisle, 9 Tom Clarke
67%
ENG, Manchester City, 18/2 Tommy Booth
67%
SCO, Newcastle, 19(1)/2 Tommy Craig
67%
ENG, Liverpool, 36/2 Tommy Smith
67%
ENG, West Ham, 39 Tommy Taylor
67%
ENG, Sheffield United, 42/7 Tony Currie
67%
ENG, Leeds, 24(3)/2 Trevor Cherry
67%
ENG, Birmingham, 23/13 Trevor Francis
67%
SCO, Arsenal, 1(1) Trevor Ross
67%
ENG, Coventry, 7 Wilf Smith
67%
SCO, Coventry, 23/3 & Wolverhampton, 10/2 | SCO, Coventry, 23/3 & Wolves, 10/2 Willie Carr
67%
SCO, Manchester City, 40/1 Willie Donachie
67%
AUS, Luton, 18(3)/7 Adrian Alston
33%
ENG, Stoke, 2 Alan Bloor
33%
ENG, Stoke, 39 Alan Dodd
33%
ENG, Middlesbrough, 41/16 Alan Foggon
33%
ENG, Luton, 9/1 Alan Garner
33%
ENG, Manchester City, 40/2 Alan Oakes
33%
ENG, Burnley, 39 Alan Stevenson
33%
ENG, Wolverhampton, 15(2) Alan Sunderland
33%
ENG, Liverpool, 0(5) Alan Waddle
33%
ENG, Luton, 42/1 Alan West
33%
SCO, Tottenham, 16(1)/6 Alfie Conn
33%
SCO, Derby, 41 Archie Gemmill
33%
ENG, Tottenham, 1 Barry Daines
33%
ENG, Sheffield United, 31(3)/8 Bill Dearden
33%
ENG, Chelsea, 15(2)/6 Bill Garner
33%
ENG, Coventry, 7 Bill Glazier
33%
ENG, West Ham, 31(3)/9 Bobby Gould
33%
SCO, Middlesbrough, 39/1 Bobby Murdoch
33%
ENG, Carlisle, 19(4)/3 Bobby Owen
33%
ENG, Everton, 36/17 Bob Latchford
33%
ENG, Arsenal, 18 Bob McNab
33%
ENG, Arsenal, 12/3 Brian Hornsby
33%
ENG, Ipswich, 40/8 Brian Talbot
33%
SCO, Derby, 42/15 Bruce Rioch
33%
WAL, Leeds, 1 Byron Stevenson
33%
SCO, Chelsea, 38(1)/5 Charlie Cooke
33%
ENG, Carlisle, 27(4)/1 Chris Balderstone
33%
ENG, Coventry, 40 Chris Cattlin
33%
ENG, Chelsea, 20(2)/4 & Leicester, 10/8 Chris Garland
33%
ENG, Liverpool, 10 Chris Lawler
33%
NIR, Tottenham, 5(4) Chris McGrath
33%
ENG, Ipswich, 20(16)/4 Clive Woods
33%
ENG, Derby, 42 Colin Boulton
33%
ENG, Sheffield United, 22(3) Colin Franks
33%
ENG, Burnley, 1(1) Colin Morris
33%
SCO, Coventry, 24/6 Colin Stein
33%
RSA/ENG, Ipswich, 37/4 Colin Viljoen
33%
ENG, Birmingham, 39 Dave Latchford
33%
ENG, Wolverhampton, 13(1) Dave Wagstaffe
33%
ENG, Sheffield United, 22(4)/1 David Bradford
33%
ENG, Coventry, 25/8 David Cross
33%
ENG, Everton, 1 David Irving
33%
ENG, Ipswich, 35/9 David Johnson
33%
ENG, Everton, 7 David Lawson
33%
ENG, Arsenal, 0(1) David Price
33%
WAL, Everton, 4/1 David Smallman
33%
SCO, Leeds, 14 David Stewart
33%
ENG, Manchester City, 0(1) Dennis Leman
33%
ENG, Coventry, 29/3 Dennis Mortimer
33%
ENG, Leicester, 29/1 Dennis Rofe
33%
ENG, Manchester City, 39/14 Dennis Tueart
33%
ENG, Wolverhampton, 13 Derek Jefferson
33%
IRL, Queens Park Rangers, 40/17 Don Givens
33%
SCO, Queens Park Rangers, 21/1 Don Masson
33%
ENG, Tottenham, 7(1) Don McAllister
33%
ENG, Burnley, 39/3 Doug Collins
33%
SCO, Sheffield United, 38/1 Eddie Colquhoun
33%
ENG, Ipswich, 0(6) Eric Gates
33%
ENG, Stoke, 22(1)/1 Eric Skeels
33%
ENG, Middlesbrough, 31 Frank Spraggon
33%
ENG, Birmingham, 27(3)/1 Garry Pendrey
33%
ENG, Sheffield United, 0(1) Gary France
33%
ENG, Chelsea, 41/1 Gary Locke
33%
ENG, Wolverhampton, 20 Gary Pierce
33%
WAL, Birmingham, 2 Gary Sprake
33%
ENG, Burnley, 3(1) & Newcastle, 20/1 Geoff Nulty
33%
ENG, Stoke, 42/8 Geoff Salmons
33%
ENG, Manchester City, 6 Glyn Pardoe
33%
ENG, Luton, 17/1 Gordon Hindson
33%
SCO, Middlesbrough, 38/7 Graeme Souness
33%
ENG, Leicester, 38(2) Graham Cross
33%
ENG, Luton, 16 Graham Horn
33%
SCO, Carlisle, 15(3)/2 Hugh McIlmoyle
33%
NIR, Newcastle, 39 Iam McFaul
33%
SCO, Chelsea, 14(1)/1 Ian Britton
33%
ENG, Ipswich, 5(2)/1 Ian Collard
33%
ENG, Queens Park Rangers, 42/2 Ian Gillard
33%
ENG, Chelsea, 21(1)/7 Ian Hutchinson
33%
ENG, Newcastle, 33 Irving Nattrass
33%
ENG, Arsenal, 6 & Leicester, 16 Jeff Blockley
33%
ENG, Derby, 7(10)/2 Jeff Bourne
33%
SCO, Birmingham, 25/2 Jimmy Calderwood
33%
ENG, Luton, 33/3 Jimmy Husband
33%
ENG, Tottenham, 21(4)/3 Jimmy Neighbour
33%
SCO, Luton, 30(1)/7 Jimmy Ryan
33%
SCO, Everton, 17(11)/3 Jim Pearson
33%
ENG, Birmingham, 38/1 Joe Gallagher
33%
IRL, Tottenham, 17 Joe Kinnear
33%
ENG, Luton, 32/5 John Aston
33%
SCO, Everton, 22(2)/3 John Connolly
33%
ENG, Middlesbrough, 41/1 John Craggs
33%
ENG, Coventry, 25(1)/2 John Craven
33%
IRL, Chelsea, 11(1) John Dempsey
33%
ENG, Stoke, 17 & Leicester(L), 2 John Farmer
33%
ENG, Luton, 34/1 John Faulkner
33%
ENG, Middlesbrough, 39/8 John Hickton
33%
WAL, Stoke, 39/4 John Mahoney
33%
ENG, Wolverhampton, 38 John McAlle
33%
ENG, West Ham, 33(1)/1 John McDowell
33%
SCO, Everton, 2(1) John McLaughlin
33%
ENG, West Ham, 2(4) Johnny Ayris
33%
SCO, Leeds, 6/1 John O'Hare
33%
ENG, Ipswich, 6 John Peddelty
33%
WAL, Chelsea, 34 John Phillips
33%
ENG, Luton, 38/1 John Ryan
33%
ENG, Chelsea, 10(1) John Sissons
33%
ENG, Chelsea, 12/1 John Sparrow
33%
WAL, Liverpool, 20(1)/12 John Toshack
33%
SCO, Ipswich, 3 John Wark
33%
ENG, Leicester, 41/2 Jon Sammels
33%
ENG, Luton, 26 Keith Barber
33%
ENG, West Ham, 27(2) Keith Coleman
33%
ENG, Sheffield United, 39/9 Keith Eddy
33%
ENG, Derby, 38/13 Kevin Hector
33%
ENG, West Ham, 41(1) Kevin Lock
33%
ENG, Ipswich, 40 Laurie Sivell
33%
ENG, Leicester, 30(2)/4 Len Glover
33%
ITA/ENG, Luton, 0(1) Lil Fuccillo
33%
WAL, Birmingham, 28 Malcolm Page
33%
ENG, Leicester, 30 Mark Wallington
33%
ENG, Everton, 31(2)/2 Mick Buckley
33%
ENG, Manchester City, 4(2) Mickey Horswill
33%
ENG, Coventry, 12/2 Mick Ferguson
33%
ENG, Ipswich, 31(5)/7 Mick Lambert
33%
ENG, Queens Park Rangers, 16(4)/2 Mick Leach
33%
ENG, Sheffield United, 33/2 Mick Speight
33%
ENG, Burnley, 1 Mike Docherty
33%
WAL, Tottenham, 31/2 Mike England
33%
ENG, Burnley, 3 Mike Finn
33%
ENG, Newcastle, 2 Mike Mahoney
33%
ENG, Leicester, 1(6)/1 Mike Stringfellow
33%
SCO, Tottenham, 2 Neil McNab
33%
ENG, West Ham, 18(4)/4 Pat Holland
33%
ENG, Burnley, 0(1) Paul Bradshaw
33%
ENG, Newcastle, 7/1 Paul Cannell
33%
ENG, Burnley, 34/10 Paul Fletcher
33%
ENG, Luton, 19 Paul Futcher
33%
SCO, Birmingham, 9(2)/1 Paul Hendrie
33%
ENG, Ipswich, 39 Paul Reaney
33%
ENG, Chelsea, 8 Peter Bonetti
33%
ENG, Middlesbrough, 3(4) Peter Brine
33%
SCO, Liverpool, 33(3)/3 Peter Cormack
33%
ENG, Derby, 37/3 Peter Daniel
33%
ENG, Leeds, 0(2) Peter Hampton
33%
ENG, Coventry, 23 Peter Hindley
33%
ENG, Chelsea, 20(4)/1 Peter Houseman
33%
ENG, Liverpool, 20(1)/6 Phil Boersma
33%
ENG, Queens Park Rangers, 41 | ENG, Wolverhampton, 22 Phil Parkes
33%
ENG, Burnley, 37/14 Ray Hankin
33%
ENG, Arsenal, 5(3) Richie Powling
33%
SCO, Birmingham, 6(6) Roger Hynd
33%
ENG, Everton, 40 Roger Kenyon
33%
ENG, Ipswich, 10(2)/3 Roger Osborne
33%
ENG, Luton, 16(1)/7 Ron Futcher
33%
NIR, Arsenal, 19(1) Sammy Nelson
33%
ENG, Queens Park Rangers, 33/10 Stan Bowles
33%
ENG, Luton, 24 Steve Buckley
33%
ENG, Sheffield United, 7(6)/3 Steve Cammack
33%
ENG, Wolverhampton, 15(8)/1 Steve Daley
33%
ENG, Sheffield United, 3 Steve Faulkner
33%
SCO, Chelsea, 9/2 Steve Finnieston
33%
ENG, Sheffield United, 2 Steve Goulding
33%
IRL, Liverpool, 32(3)/9 Steve Heighway
33%
ENG, Chelsea, 29(2)/3 Steve Kember
33%
ENG, Wolverhampton, 29/10 Steve Kindon
33%
ENG, Luton, 12 Steve Litt
33%
ENG, Birmingham, 1(1) Steve Phillips
33%
ENG, Everton, 35/1 Steve Seargeant
33%
ENG, Leicester, 42 Steve Whitworth
33%
ENG, Chelsea, 1 Steve Wicks
33%
ENG, Newcastle, 23(3)/4 Stewart Barrowclough
33%
ENG, Middlesbrough, 42/1 Stuart Boam
33%
ENG, Chelsea, 3/1 Teddy Maybank
33%
IRL, Stoke, 11(5)/10 Terry Conroy
33%
ENG, Everton, 5 Terry Darracott
33%
ENG, Sheffield United, 5(4) Terry Garbett
33%
ENG, Newcastle, 12/1 & Liverpool, 14(1)/2 Terry McDermott
33%
ENG, Tottenham, 37(1) Terry Naylor
33%
ENG, Sheffield United, 2(3) Terry Nicholl
33%
WAL, Leeds, 32(1)/5 Terry Yorath
33%
ENG, Chelsea, 4 Tommy Baldwin
33%
NIR, Newcastle, 8(1) Tommy Cassidy
33%
SCO, Newcastle, 11(2) Tommy Gibb
33%
SCO, Coventry, 42/4 Tommy Hutchison
33%
ENG, Chelsea, 5(3)/1 Tommy Langley
33%
ENG, Sheffield United, 42/11 Tony Field
33%
ENG, Queens Park Rangers, 12 Tony Hazell
33%
ENG, Ipswich, 40/10 Trevor Whymark
33%
ENG, Middlesbrough, 42/2 Willie Maddren
33%
ENG, Newcastle, 2(1) Aidan McCaffery
0%
ENG, Leicester, 40/1 Alan Birchenall
0%
SCO, Birmingham, 28/1 Alan Campbell
0%
ENG, West Ham, 1(1) Alan Curbishley
0%
ENG, Coventry, 24 Alan Dugdale
0%
ENG, Middlesbrough, 7(10)/3 Alan Willey
0%
ENG, West Ham, 1 Alan Wooler
0%
ENG, Leicester, 7(2) Alan Woollett
0%
SCO, Newcastle, 5(3)/1 Alex Bruce
0%
SCO, Arsenal, 7/1 Alex Cropley
0%
ENG, Birmingham, 23/2 Archie Styles
0%
ENG, Manchester City, 7(3)/2 Barney Daniels
0%
ENG, Luton, 9/3 Barry Butlin
0%
ENG, Burnley, 33(2)/1 Billy Ingham
0%
ENG, Everton, 2 Billy Kenny
0%
ENG, Burnley, 28(1)/1 Billy Rodaway
0%
ENG, Middlesbrough, 0(1) Billy Woof
0%
ENG, Luton, 17 Bobby Thomson
0%
SCO, Coventry, 27(4)/6 Brian Alderson
0%
ENG, Luton, 6 Brian Chambers
0%
CAN, Ipswich, 1 Bruce Twamley
0%
ENG, Leicester, 5 Carl Jayes
0%
ENG, Everton, 2(1) Cliff Marshall
0%
ENG, Manchester City, 17(1) Colin Barrett
0%
ENG, Stoke, 10 Danny Bowers
0%
ENG, Queens Park Rangers, 0(1)/1 Danny Westwood
0%
ENG, Newcastle, 1 David Crosson
0%
SCO, Chelsea, 34 David Hay
0%
SCO, Newcastle, 1 Dennis Laughton
0%
ENG, Burnley, 2 Derek Scott
0%
ENG, Wolverhampton, 1(2) Don Gardner
0%
ENG, Luton, 15(1)/1 & Queens Park Rangers, 12 Don Shanks
0%
ENG, Carlisle, 5(1)/1 Eddie Prudham
0%
ENG, Carlisle, 13(1) Eddie Spearritt
0%
WAL, Birmingham, 9/1 Gary Emmanuel
0%
SCO, Leeds, 1 Gary Liddell
0%
ENG, Arsenal, 2 Geoff Barnett
0%
ENG, Manchester City, 26/2 Geoff Hammond
0%
ENG, Everton, 11(4)/2 George Telfer
0%
WAL, Leeds, 1 Glan Letheren
0%
ENG, Newcastle, 39/2 Glenn Keeley
0%
ENG, Coventry, 31 Graham Oakey
0%
ENG, West Ham, 40/4 Graham Paddon
0%
ENG, Carlisle, 1 Graham Winstanley
0%
ENG, Burnley, 34/1 Ian Brennan
0%
ENG, Stoke, 10(7)/4 Ian Moores
0%
ENG, Stoke, 39/14 Jimmy Greenhoff
0%
SCO, Burnley, 13(1) Jim Thomson
0%
ENG, Carlisle, 33(1)/12 Joe Laidlaw
0%
IRL, Leicester, 3(2) Joe Waters
0%
ENG, Queens Park Rangers, 27(2)/1 John Beck
0%
SCO, Tottenham, 28/12 John Duncan
0%
ENG, Wolverhampton, 18 John Farley
0%
SCO, Carlisle, 30(1) John Gorman
0%
ENG, Luton, 1(1)/1 John Seasman
0%
SCO, Manchester City, 27 Keith MacRae
0%
SCO, Queens Park Rangers, 4 Keith Pritchett
0%
SCO, Everton, 4 Ken McNaught
0%
ENG, Stoke, 5 Kevin Lewis
0%
WAL, Coventry, 9(2) Les Cartwright
0%
ENG, Carlisle, 36/8 Les O'Neill
0%
ENG, Queens Park Rangers, 12(3)/1 Martyn Busby
0%
ENG, Newcastle, 2 Mickey Barker
0%
ENG, Coventry, 5 Mick McGuire
0%
ENG, Wolverhampton, 38/1 Mike Bailey
0%
ENG, Carlisle, 8(4) Mike Barry
0%
ENG, Everton, 31(2) Mike Bernard
0%
SCO, Carlisle, 1(1) Mike McCartney
0%
ENG, Coventry, 35 Neil Ramsbottom
0%
NIR, Everton, 6 Peter Scott
0%
ENG, Luton, 5(2)/1 Peter Spiring
0%
ENG, Wolverhampton, 9(5)/2 Peter Withe
0%
ENG, Tottenham, 28 Phil Beal
0%
ENG, Manchester City, 12(3) Phil Henson
0%
ENG, Newcastle, 1 Ray Blackhall
0%
ENG, Tottenham, 20(1) Ray Evans
0%
ENG, Carlisle, 42/2 Ray Train
0%
ENG, Burnley, 3 Richard Dixey
0%
ENG, Queens Park Rangers, 1 Richard Teale
0%
SCO, Birmingham, 1 Ricky Sbragia
0%
ENG, Luton, 3 Rodney Fern
0%
ENG, Queens Park Rangers, 6(3) Ron Abbott
0%
ENG, Derby, 24/1 Ron Webster
0%
ENG, Birmingham, 3 Roy Morton
0%
ENG, Stoke, 18(1)/1 Sean Haslegrave
0%
ENG, Birmingham, 15(1)/1 Steve Bryant
0%
ENG, Leicester, 28(1)/2 Steve Earle
0%
ENG, Leicester, 11(2) Steve Yates
0%
ENG, Ipswich, 2 Terry Austin
0%
ENG, Middlesbrough, 1 Tommy Paterson
0%
SCO, Middlesbrough, 1 Tony McAndrew
0%
ENG, Birmingham, 0(2) Tony Want
0%
ENG, Arsenal, 6/2 Wilf Rostron
0%
No matching quizzes found
Score Distribution
Percent of People with Each Score
Percentile by Number Answered
Your Score History
You have not taken this quiz